000 00288nam a22001097a 4500
003 OSt
005 20260219153733.0
008 260219b |||||||| |||| 00| 0 eng d
040 _cWorld Affairs
245 _aChina’s foreign policy, diplomacy, and international relations.
942 _2ddc
_cBK
999 _c4167
_d4167